Quiz Cultura Generale - Quiz n°21 - Statistics

Statistiche generali
  • Questo quiz è stato fatto 199 volte
  • Il punteggio medio è 7 su 15
Statistiche sulle risposte
Domanda Risposta % Corretto
Come si traduce il termine inglese "hell"? Inferno
87%
Quale celebre ode inizia con "Ei fu, siccome immobile"? Cinque Maggio
66%
Quale programma conduce Amadeus dal 2017 su Rai 1? I soliti ignoti
63%
Come si chiamano gli abitanti dell'Honduras? Honduregni
60%
Qual è la traduzione del termine spagnolo "burro"? Asino
56%
Quale provincia pugliese ospita Castel del Monte? Provincia di Barletta-Andria-Trani
55%
Chi è considerato l'inventore del telefono? Antonio Meucci
53%
Di quale corrente artistica ha fatto parte Ungaretti? Ermetismo
53%
Qual è il rapporto tra la circonferenza e il diametro della stessa? π
49%
Quale organo verifica la conformità delle leggi alla Costituzione? Corte costituzionale
32%
In quale opera lirica si può ascoltare il "Va pensiero"? Nabucco
31%
Quale aereo supersonico ha smesso di volare nel 2003? Concorde
28%
Quale famosa villa si può trovare nel centro di Tivoli? Villa d'Este
16%
Come si chiama una strofa composta da due versi? Distico
13%
Come viene chiamata la guerra combattuta in tutto il mondo tra il 1757 ed il 1763? Guerra dei Setti anni
13%
Nessun quiz corrispondente trovato
Distribuzione punteggi
Percentuale di utenti per punteggio
Percentile per numero di risposta
I tuoi punteggi nel tempo
Non hai fatto questo quiz